| 000 | 00351nam a2200145Ia 4500 | ||
|---|---|---|---|
| 005 | 20251222153618.0 | ||
| 008 | 251222s9999||||xx |||||||||||||| ||spa|| | ||
| 020 | _a8467203080 | ||
| 082 | _a823.92/P34 | ||
| 100 | _aPearson, Allison | ||
| 245 | 0 | _aLa Vida Frenética de Kate | |
| 250 | _a1a. ed. | ||
| 264 | _bEditorial Lumen, S.A. | ||
| 942 | _cLIB | ||
| 999 |
_c31871 _d31871 |
||